International Legal Regulation of Transfer Pricing

Gespeichert in:
Bibliographische Detailangaben
1. Verfasser: Feranecová, Adela, 1986-
Weitere Verfasser: Remiáš, Peter
Format: Buchkapitel
Sprache:Englisch
Schlagworte:
Tags: Tag hinzufügen
Keine Tags, Fügen Sie das erste Tag hinzu!

MARC

LEADER 00000nla a2200000 4500
001 0227358
005 20240502073739.8
041 0 |a eng 
044 |a SK 
245 1 0 |a International Legal Regulation of Transfer Pricing  |c Adela Feranecová, Peter Remiáš 
500 |a Abstrakt 
610 2 0 |a oceňovanie transferové 
610 2 0 |a ceny transferové 
610 2 0 |a dane 
610 2 0 |a povinnosť daňová 
610 2 0 |a Európska únia 
610 2 0 |a OECD 
100 1 |a Feranecová, Adela, 1986- 
700 1 |a Remiáš, Peter